书目信息 |
| 题名: |
职场人必读
|
|
| 作者: | 曹森 , 肖琳 编著 | |
| 分册: | ||
| 出版信息: | 北京 中国人民大学出版社 2024.04 |
|
| 页数: | 272页 | |
| 开本: | 21cm | |
| 丛书名: | ||
| 单 册: | ||
| 中图分类: | D922.591.5 | |
| 科图分类: | ||
| 主题词: | 劳动争议--处理--案例--中国 | |
| 电子资源: | ||
| ISBN: | 978-7-300-32508-8 | |
| 000 | 00896nam0 2200241 450 | |
| 001 | 012940347 | |
| 005 | 20251023091954.69 | |
| 010 | @a978-7-300-32508-8@dCNY69.00 | |
| 100 | @a20240525d2024 em y0chiy0120 ea | |
| 101 | 0 | @achi |
| 102 | @aCN@b110000 | |
| 105 | @ay z 000yy | |
| 106 | @ar | |
| 200 | 1 | @a职场人必读@9zhi chang ren bi du@e劳动纠纷解决实务@f曹森,肖琳编著 |
| 210 | @a北京@c中国人民大学出版社@d2024.04 | |
| 215 | @a272页@d21cm | |
| 330 | @a本书针对劳动合同的建立、履行、变更,解除等环节的典型法律问题,从现行法律规定、仲裁审判实践、问题解决实操等维度,提供有关劳动争议的法律解决方案,增强职场人在入职、调岗、离职、裁员等情境下维护自身权益的法律意识和能力。 | |
| 606 | 0 | @a劳动争议@x处理@x案例@y中国 |
| 690 | @aD922.591.5@v5 | |
| 701 | 0 | @a曹森@9cao sen@4编著 |
| 701 | 0 | @a肖琳@9xiao lin@4编著 |
| 801 | 0 | @aCN@c20250911 |
| 905 | @a河南城建学院图书馆@dD922.5@eC145@ZC145@f1 | |
| 职场人必读:劳动纠纷解决实务/曹森,肖琳编著.-北京:中国人民大学出版社,2024.04 |
| 272页;21cm |
| ISBN 978-7-300-32508-8:CNY69.00 |
| 本书针对劳动合同的建立、履行、变更,解除等环节的典型法律问题,从现行法律规定、仲裁审判实践、问题解决实操等维度,提供有关劳动争议的法律解决方案,增强职场人在入职、调岗、离职、裁员等情境下维护自身权益的法律意识和能力。 |
| ● |
| 相关链接 |
|
|
|
正题名:职场人必读
索取号:D922.5/C145
 
预约/预借
| 序号 | 登录号 | 条形码 | 馆藏地/架位号 | 状态 | 备注 |
| 1 | 1635417 | 216354175 | 社科库509/509社科库 89排5列1层/ [索取号:D922.5/C145] | 在馆 |